| 000 | 00612cab a2200217 4500 | ||
|---|---|---|---|
| 001 | ABS54308 | ||
| 008 | 090401t1996 xxu||||| |||| 00| 0 eng d | ||
| 035 | _a(Sirsi) u9709 | ||
| 041 | _aeng | ||
| 100 | _aHall, B. | ||
| 245 | _aCould you be plain, Virginia? | ||
| 260 | _c1996 | ||
| 350 | _a0 | ||
| 490 |
_aProperty Week _v54(1) 4 January 1996, 36-37(2) |
||
| 520 | _aConsiders the debate raging over the 21 post war buildings listed by the Heritage Secretary in November. | ||
| 650 | _aLISTED BUILDINGS | ||
| 650 | _aPOST-WAR BUILDINGS | ||
| 690 | _aCONSERVATION | ||
| 942 | _n0 | ||
| 948 | _c04/03/1997 | ||
| 999 |
_c6101 _d6101 |
||